English Premier League 2025/26 Clubs by Badges - Statistics

General Stats
  • This quiz has been taken 75 times
  • The average score is 19 of 20
Answer Stats
Picture Answer % Correct
Arsenal
100%
Liverpool
100%
Manchester United
100%
Newcastle United
100%
Tottenham Hotspur
100%
Aston Villa
98%
Chelsea
98%
Manchester City
98%
Nottingham Forest
98%
Brighton & Hove Albion
97%
Everton
97%
Fulham
97%
Leeds
97%
Wolverhampton Wanderers
97%
West Ham United
95%
Crystal Palace
94%
Burnley
91%
Bournemouth
89%
Brentford
89%
Sunderland
89%
No matching quizzes found
Score Distribution
Percent of People with Each Score
Percentile by Number Answered
Your Score History
You have not taken this quiz